Magic: The Gathering (MTG) Modern Ban List - Statistics

General Stats
  • This quiz has been taken 2,517 times
    156 since last reset
  • The average score is 35 of 51
Answer Stats
Year Banned Card description Answer % Correct
2020 make food, turn creatures into elk, swap creatures Oko, Thief of Crowns
87%
2023 evoke, exile a red card from your hand: deal 4 damage as you choose split between any number of creatures and planeswalkers. Fury
85%
2015 delve, draw 3 cards Treasure Cruise
85%
2011 land that can make a 20/20 indestructible flying token Dark Depths
83%
2011 if equipped creature dies, draw 2 Skullclamp
82%
2021 etb to draw a card, gain 3 life, and put land in play. escape for 4 mana Uro, Titan of Nature's Wrath
80%
2024 evoke, exile a black card from your hand: look at an opponents hand and make them discard a non-land card. Grief
79%
2019 convoke, delve: big creature that can't be cast with mana Hogaak, Arisen Necropolis
79%
2021 exile this creature from hand to gain a red mana Simian Spirit Guide
79%
2024 1 turn protection from everything, and draw progressively more cards for a cost in life The One Ring
79%
2011 look at top 3 cards, put back in any order, you may shuffle, draw Ponder
78%
2021 counter a spell, and then that spells controller reveals cards from their deck until they reveal a differently named one and they can cast that spell for free. Tibalt's Trickery
78%
2021 If you have 7 lands of different names, you get zombies from landfall Field of the Dead
77%
2011 artifact: look at the top 3 cards and put them back in any order Sensei's Divining Top
77%
2015 delve, look at 7 cards and put 2 in hand Dig Through Time
76%
2024 whenever your things get targeted, do broken stuff Nadu, Winged Wisdom
75%
2011 when equipped creature deals damage, gain counters to use abilities Umezawa's Jitte
75%
2016 land: eldrazi spells cost 2 less Eye of Ugin
74%
2022 companion for 2 cmc or less permanents, cast spells from the graveyard Lurrus of the Dream-Den
74%
2011 pay 2 life: counter a one drop Mental Misstep
74%
2020 if it's your first spell of the game it's free: choose land or creature from top 5 cards Once Upon a Time
74%
2023 etb draw a card, whenever you cast a card with cmc 5 or greater, draw a card Up the Beanstalk
74%
2011 free artifact, exile card: tap for a mana from the colors of the card Chrome Mox
73%
2015 sac a creature to get one that's 1 cmc more Birthing Pod
72%
2017 pay 2 life: see your opponents hand and draw a card Gitaxian Probe
72%
2011 blue artifact land Seat of the Synod
71%
2011 land that taps for x mana equal to the number of locuses you control Cloudpost
70%
2019 if this is in graveyard, when creatures die you get zombie tokens Bridge from Below
69%
2022 companion for 20 more cards in deck: flicker any number of non-land permanents Yorion, Sky Nomad
69%
2011/2017 dredge 6 Golgari Grave-Troll
68%
2019 sac an artifact: gain 2 mana Krark-Clan Ironworks
68%
2014 "one mana planeswalker" Deathrite Shaman
66%
2011 free reanimation spell if you sac 3 creatures Dread Return
66%
2020 all permanents are artifacts Mycosynth Lattice
64%
2024 2 mana creature that has an ability similar to cascade with energy Amped Raptor
63%
2011 red artifact land Great Furnace
63%
2024 companion that wants low color loyalty Jegantha, the Wellspring
63%
2020 tap a land to add one snow mana of any color Arcum's Astrolabe
62%
2021 If you have 3 islands, you get an instant or sorcery back to the top of your deck Mystic Sanctuary
62%
2011 white artifact land Ancient Den
58%
2016 play 3 extra lands this turn Summer Bloom
58%
2011 add mana, more if you have more copies of this card in your graveyard Rite of Flame
57%
2013 add 5 mana to your mana pool Seething Song
57%
2011 exile a red card from hand and give a creature +x/+0 for it's cmc Blazing Shoal
54%
2011 green artifact land Tree of Tales
54%
2011 deal 2 damage, bring back from graveyard if opponent gains life Punishing Fire
52%
2011 black artifact land Vault of Whispers
51%
2011 draw a card when you cast a creature spell Glimpse of Nature
49%
2013 Bring back permanents that went to graveyard on this turn Second Sunrise
49%
2024 instant speed 3 cmc cascade card Violent Outburst
49%
2011 take turns putting permanents in play for free Hypergenesis
45%
No matching quizzes found
Score Distribution
Percent of People with Each Score
Percentile by Number Answered
Your Score History
You have not taken this quiz since the last reset